00610nam a2200157 a 4500008004100000050001800041100001800059245003700077250001200114260005100126300002300177350000900200995009200209999001700301952013400318120416s1978 ||||||||||||||||| || u aHF 5415.2 Gre aGreen, Paul E10aResearch for marketing decisions a4th ed. aEnglewood Cliffs, N.J.bFT Prentice-Hallc1978 axiii, 673p. : ill. a0.00 D0.00FCBU-MAIN LIBRARY (Kitwe)H1I0.00UAVAILABLEZMain Library Open Access Collection c56300d56300 00102lcc4070a001b001cMain Library Open Access Collectiond2022-11-30l0oHF 5415.2 Grep005682r2022-11-30w2022-11-30y002